<?xml version="1.0" encoding="UTF-8"?>
<record
    xmlns:xsi="http://www.w3.org/2001/XMLSchema-instance"
    xsi:schemaLocation="http://www.loc.gov/MARC21/slim http://www.loc.gov/standards/marcxml/schema/MARC21slim.xsd"
    xmlns="http://www.loc.gov/MARC21/slim">

  <leader>00865nam a22002537a 4500</leader>
  <controlfield tag="005">20170123162352.0</controlfield>
  <datafield tag="010" ind1=" " ind2=" ">
    <subfield code="a">A-060645</subfield>
  </datafield>
  <datafield tag="020" ind1=" " ind2=" ">
    <subfield code="c">13.50</subfield>
  </datafield>
  <datafield tag="035" ind1=" " ind2=" ">
    <subfield code="a">A-060645</subfield>
  </datafield>
  <datafield tag="037" ind1=" " ind2=" ">
    <subfield code="b">Cen Lib/Ret</subfield>
  </datafield>
  <datafield tag="040" ind1=" " ind2=" ">
    <subfield code="a">DPL</subfield>
    <subfield code="b">UR</subfield>
  </datafield>
  <datafield tag="082" ind1=" " ind2=" ">
    <subfield code="a">954.08</subfield>
    <subfield code="b">&#x642; &#x62F; &#x648; </subfield>
  </datafield>
  <datafield tag="100" ind1=" " ind2=" ">
    <subfield code="a">&#x642;&#x62F;&#x648;&#x627;&#x626;&#x6CC;&#x60C; &#x627;&#x646;&#x6CC;&#x633; </subfield>
    <subfield code="9">399</subfield>
  </datafield>
  <datafield tag="245" ind1=" " ind2=" ">
    <subfield code="a">/ &#x622;&#x632;&#x627;&#x62F;&#x6A9;&#x6CC; &#x686;&#x627;&#x648;&#x624;&#x6BA; &#x645;&#x6CC;&#x6BA; </subfield>
    <subfield code="c">&#x642;&#x62F;&#x648;&#x627;&#x626;&#x6CC;&#x60C; &#x627;&#x646;&#x6CC;&#x633; </subfield>
  </datafield>
  <datafield tag="246" ind1=" " ind2=" ">
    <subfield code="a">Azadi ki chaun main /</subfield>
    <subfield code="b">by Anees Qadwai </subfield>
  </datafield>
  <datafield tag="260" ind1=" " ind2=" ">
    <subfield code="a">&#x646;&#x626;&#x6CC; &#x62F;&#x6C1;&#x644;&#x6CC;</subfield>
    <subfield code="b"> &#x646;&#x6CC;&#x634;&#x646;&#x644; &#x628;&#x6A9; &#x679;&#x631;&#x633;&#x679;&#x60C; &#x627;&#x646;&#x688;&#x6CC;&#x627;</subfield>
    <subfield code="c">1980</subfield>
  </datafield>
  <datafield tag="270" ind1=" " ind2=" ">
    <subfield code="a">&#x6AF;&#x631;&#x6CC;&#x646; &#x67E;&#x627;&#x631;&#x6A9;</subfield>
    <subfield code="b">&#x646;&#x626;&#x6CC; &#x62F;&#x6C1;&#x644;&#x6CC;</subfield>
    <subfield code="e">110006</subfield>
  </datafield>
  <datafield tag="300" ind1=" " ind2=" ">
    <subfield code="a">343p.</subfield>
    <subfield code="c">21cm(Hb)</subfield>
  </datafield>
  <datafield tag="650" ind1=" " ind2=" ">
    <subfield code="a">&#x6C1;&#x646;&#x62F;&#x648;&#x633;&#x62A;&#x627;&#x646;&#x6CC; &#x62A;&#x627;&#x631;&#x6CC;&#x62E;</subfield>
    <subfield code="9">410</subfield>
  </datafield>
  <datafield tag="650" ind1=" " ind2=" ">
    <subfield code="a">&#x6C1;&#x646;&#x62F;&#x648;&#x633;&#x62A;&#x627;&#x646;&#x6CC; &#x622;&#x632;&#x627;&#x62F;&#x6CC; &#x6A9;&#x6CC; &#x62A;&#x627;&#x631;&#x6CC;&#x62E;</subfield>
    <subfield code="9">137491</subfield>
  </datafield>
  <datafield tag="650" ind1=" " ind2=" ">
    <subfield code="a">Indian history</subfield>
    <subfield code="9">137492</subfield>
  </datafield>
  <datafield tag="650" ind1=" " ind2=" ">
    <subfield code="a">Indian history of Freedom</subfield>
    <subfield code="9">137493</subfield>
  </datafield>
  <datafield tag="942" ind1=" " ind2=" ">
    <subfield code="2">ddc</subfield>
    <subfield code="c">UR</subfield>
    <subfield code="h">954.08</subfield>
    <subfield code="m">&#x642; &#x62F; &#x648; </subfield>
  </datafield>
  <datafield tag="999" ind1=" " ind2=" ">
    <subfield code="c">109357</subfield>
    <subfield code="d">109357</subfield>
  </datafield>
  <datafield tag="952" ind1=" " ind2=" ">
    <subfield code="0">0</subfield>
    <subfield code="1">0</subfield>
    <subfield code="4">0</subfield>
    <subfield code="7">0</subfield>
    <subfield code="a">L</subfield>
    <subfield code="b">L</subfield>
    <subfield code="d">2016-03-05</subfield>
    <subfield code="e">Cen Lib/Ref</subfield>
    <subfield code="l">0</subfield>
    <subfield code="o">954.08 &#x642; &#x62F; &#x648;</subfield>
    <subfield code="p">A-060645</subfield>
    <subfield code="r">2016-03-05 00:00:00</subfield>
    <subfield code="t">1</subfield>
    <subfield code="v">13.50</subfield>
    <subfield code="w">2016-03-05</subfield>
    <subfield code="y">UR</subfield>
  </datafield>
</record>
